Communicating effectively. (2nd ed.) (Record no. 79529)
[ view plain ]
| 000 -LEADER | |
|---|---|
| fixed length control field | 01113nam a2200229 a 4500 |
| 008 - FIXED-LENGTH DATA ELEMENTS--GENERAL INFORMATION | |
| fixed length control field | 120416s1989 ||||||||||||||||| || u |
| 020 ## - INTERNATIONAL STANDARD BOOK NUMBER | |
| International Standard Book Number | 0394374223 |
| 050 ## - LIBRARY OF CONGRESS CALL NUMBER | |
| Classification number | P 95 Hyb |
| 100 ## - MAIN ENTRY--PERSONAL NAME | |
| Personal name | Weaver, Richard L., 1941- |
| 245 10 - TITLE STATEMENT | |
| Title | Communicating effectively. (2nd ed.) |
| 250 ## - EDITION STATEMENT | |
| Edition statement | 2nd ed. |
| 260 ## - PUBLICATION, DISTRIBUTION, ETC. | |
| Place of publication, distribution, etc. | New York : |
| Name of publisher, distributor, etc. | Random House |
| Date of publication, distribution, etc. | 1989 |
| 300 ## - PHYSICAL DESCRIPTION | |
| Extent | xvi, 451p. : ill. |
| 350 ## - | |
| -- | 0.00 |
| 650 #0 - SUBJECT ADDED ENTRY--TOPICAL TERM | |
| Topical term or geographic name entry element | ORAL COMMUNICATION |
| 650 ## - SUBJECT ADDED ENTRY--TOPICAL TERM | |
| Topical term or geographic name entry element | COMMUNICATION |
| 700 ## - ADDED ENTRY--PERSONAL NAME | |
| Personal name | Hybels, Saundra |
| 995 ## - | |
| -- | MAIN LIBRARY OPEN ACCESS |
| -- | 0.00 |
| -- | 725672 |
| -- | CBU-MAIN LIBRARY (Kitwe) |
| -- | 4 |
| -- | 53.00 |
| -- | P 95 Hyb |
| -- | 2 |
| -- | AVAILABLE |
| -- | 010445 |
| -- | Main Library Open Access Collection |
| 995 ## - | |
| -- | MAIN LIBRARY OPEN ACCESS |
| -- | 0.00 |
| -- | 725670 |
| -- | CBU-MAIN LIBRARY (Kitwe) |
| -- | 1 |
| -- | 53.00 |
| -- | P 95 Hyb |
| -- | 1 |
| -- | AVAILABLE |
| -- | 010443 |
| -- | Main Library Open Access Collection |
| 995 ## - | |
| -- | MAIN LIBRARY OPEN ACCESS |
| -- | 0.00 |
| -- | 725671 |
| -- | CBU-MAIN LIBRARY (Kitwe) |
| -- | 2 |
| -- | 53.00 |
| -- | P 95 Hyb |
| -- | 3 |
| -- | AVAILABLE |
| -- | 010446 |
| -- | Main Library Open Access Collection |
| 995 ## - | |
| -- | MAIN LIBRARY OPEN ACCESS |
| -- | 0.00 |
| -- | 725668 |
| -- | CBU-MAIN LIBRARY (Kitwe) |
| -- | 3 |
| -- | 53.00 |
| -- | P 95 Hyb |
| -- | 4 |
| -- | LOST |
| -- | 010447 |
| -- | Main Library Open Access Collection |
| 999 ## - | |
| -- | 79529 |
| -- | 79529 |
| Withdrawn status | Lost status | Source of classification or shelving scheme | Damaged status | Not for loan | Permanent Location | Current Location | Shelving location | Date acquired | Total Checkouts | Full call number | Barcode | Date last seen | Date last checked out | Copy number | Price effective from | Koha item type |
|---|---|---|---|---|---|---|---|---|---|---|---|---|---|---|---|---|
| CBU-MAIN LIBRARY, KITWE. | CBU-MAIN LIBRARY, KITWE. | 06/29/2023 | 1 | P 95 Hyb | 010445 | 03/10/2025 | 02/20/2025 | 1 | 06/29/2023 | MONOGRAPH | ||||||
| CBU-MAIN LIBRARY, KITWE. | CBU-MAIN LIBRARY, KITWE. | 06/29/2023 | 2 | P 95 Hyb | 010443 | 02/27/2025 | 02/24/2025 | 2 | 06/29/2023 | MONOGRAPH | ||||||
| CBU-MAIN LIBRARY, KITWE. | CBU-MAIN LIBRARY, KITWE. | 06/29/2023 | P 95 Hyb | 010446 | 06/29/2023 | 3 | 06/29/2023 | MONOGRAPH | ||||||||
| CBU-MAIN LIBRARY, KITWE. | CBU-MAIN LIBRARY, KITWE. | 06/29/2023 | P 95 Hyb | 010447 | 06/29/2023 | 4 | 06/29/2023 | MONOGRAPH |